1489 1562 1070 1900 1783 1028 1628 1936 1252 1093 1898 1622 1439 1740 1885 1065 1957 1628 1238 1393 1971 1690 1939 1312 1010 1555 1871 1957 1375 1403 1482 1633 1095 1465 1788 1355 1280 1356 1671 1410 1073 1590 1142 1253 1242 1777 1125 1162 1671 1555 1486 1217 1955 1986 1242 1306 1359 1259 1442 1018 1169 1407 1205 1515 1197 1335 1979 1450 1126 1557 1830 1684 1759 1691 1456 1885 1505 1920 1862 1587 1503 1742 1476 1414 1627 1972 1834 1646 1599 1794 1045 1680 1971 1261 1033 1892 1772 1017 1826 BCNSPRNW ULIB Ver.6.0+V

เปลี่ยนเป็นภาษาไทย

Change to English
 แสดงรายละเอียดบรรณานุกรม
  กลับหน้าหลัก

Brief Record : Get Marc (ISO 2709) : E-mail record : QR code < ปิดหน้าต่าง
LEADER : 00000nam 2200000uu 4500
001    13399114095
003     ULIB
008    120216s2554||||th 000 0 tha d
020    ^a9786165001335
090    ^aนว.^bพ961ค
100 0  ^aแพรณัฐ
245 00 ^aคุณชายรณพีร์/^cแพรณัฐ
250    ^aพิมพ์ครั้งที่ 1
260    ^aกรุงเทพฯ :^bพิมพ์คำ,^c2554
300    ^a350 หน้า
490 0  ^aนวนิยายชุด สุภาพบุรุษจุฑาเทพ
945    ^p240^l0^i18707
995    ^a เกษร
999    ^aใช้งานได้ทุกระบบ
รายการนี้ยังไม่มีแท็ก
คุณยังไม่ได้ล็อกอิน คุณสามารถมีกิจกรรมร่วมกับเว็บไซต์ได้ แต่ต้องล็อกอินก่อน ::
  ล็อกอิน

รายการสื่อสารสนเทศ

ลำดับที่ ประเภท เลขเรียก/บาร์โค้ด สถานที่ สถานะ
1. นวนิยาย
นวนิยาย
นว. พ961ค  
  Barcode: 18707
ห้องสมุดวิทยาเขตสวรรค์ประชารักษ์
►นวนิยาย
บนชั้น
  ขอยืม

รายการใกล้เคียง
    ผู้แต่ง [แพรณัฐ]

BibComment


ยังไม่เคยถูกคอมเมนท์

คอมเมนท์ทรัพยากรรายการนี้
  คอมเมนท์: คุณชายรณพีร์ แพร..


 Copyright 2026. Bcnsprnw @Library